000 01616nam a2200241Ia 4500
003 Ost
005 20260416102352.0
008 260416s9999||||xx |||||||||||||| ||und||
040 _cfsecg
041 _aara
082 _a301
100 _aبلعلمي، كلتوم
_eمؤلف
245 0 _a مدخل إلى علم الإجتماع /
_c كلتوم بلعلمي
260 _aالجزائر
_bجامعة الجزائر3: كلية العلوم الإقتصادية، العلوم التجارية وعلوم التسيير
_c2017
300 _a80 ورقة
_bايضاحات
_c30 سم
504 _aببليوغرافيا: ص.77
520 _aالتعريف بعلم الإجتماع، ظروف نشأة علم الإجتماع، التعريف بعلم الإجتماع الإقتصادي، التغير الإجتماعي والإهتمامات الكبرى لعلم الإجتماع، النظرية والمناهج في علم الإجتماع، عبد الرحمان ابن خلدون، اوغيست كونت، اميل دوركايم، كارل ماكس، ماكس فيبر، النظرية البنائية الوظيفية، النظرية التفاعلية الرمزية، التحليل الاستراتيجي، مفاهيم أساسية في علم الإجتماع
653 _aالاجتماع الاقتصادي، علم
653 _aالاجتماع، علم
653 _aالعلوم الاجتماعية
710 _aجامعة الجزائر3: كلية العلوم الإقتصادية، العلوم التجارية وعلوم التسيير
_eناشر علمي
942 _cHANDOUT
999 _c41044
_d41044